| 000 | 01348cam a22003615a 4500 | ||
|---|---|---|---|
| 003 | EG-ScBUE | ||
| 005 | 20220314104036.0 | ||
| 008 | 081221t20041999ua f 000 f eng d | ||
| 020 | _a9789774245305 | ||
| 020 | _a977424530X | ||
| 040 |
_aEG-ScBUE _beng _erda _cEG-ScBUE _dEG-ScBUE |
||
| 041 | 1 |
_aeng _hara |
|
| 082 | 0 | 4 |
_a892.736 _bMAH _222 |
| 100 | 1 |
_aMaḥfūẓ, Najīb, _d1911-2006, _eauthor. _91419 |
|
| 245 | 1 | 0 |
_aAdrift on the Nile / _cNaguib Mahfouz ; translated by Frances Liardet. |
| 250 | _aFourth printing. | ||
| 264 | 1 |
_aCairo : _bThe American University in Cairo Press, _c2004. |
|
| 300 |
_a167 pages ; _c22 cm. |
||
| 336 |
_2rdacontent _atext _btxt |
||
| 337 |
_2rdamedia _aunmediated _bn |
||
| 338 |
_2rdacarrier _avolume _bnc |
||
| 490 | 0 | _aModern Arabic writing | |
| 500 | _aFirst published in Arabic in 1966 as Tharthara fawq al-Nil | ||
| 546 | _aText in English ; translated from the original Arabic. | ||
| 650 | 7 |
_2BUEsh _zEgypt |
|
| 650 | 7 |
_aArabic fiction _xTranslations into English _zEgypt. _2BUEsh |
|
| 651 | 0 |
_aEgypt _xSocial life and customs _vFiction _xTranslations into English. _2BUEsh _933684 |
|
| 651 | 0 |
_aNile River _vFiction _xTranslations into English. _2BUEsh _933685 |
|
| 653 |
_bARALIT _cAugust2015 |
||
| 655 |
_vReading book _934232 |
||
| 700 | 1 |
_aLiardet, Frances, _etranslator. _91525 |
|
| 942 |
_cBB _2ddc |
||
| 999 |
_c2678 _d2678 |
||